| Tag |
First Indicator |
Second Indicator |
Subfields |
| LEADER |
00000cam a2200000 i 4500 |
| 001 |
in00000989821 |
| 005 |
20150927160735.0 |
| 008 |
771122s1976 on b f00010 eng d |
| 035 |
|
|
|a (OCoLC)03438073
|
| 035 |
|
|
|9 AEY5016AM
|
| 040 |
|
|
|a TRL
|c TRL
|d m.c.
|d TXA
|d UtOrBLW
|
| 049 |
1 |
|
|a TXA2
|
| 088 |
|
|
|a ESAB-76-8
|
| 090 |
|
|
|a HE151
|b .C3 no. 00-76-16
|
| 110 |
2 |
|
|a Canadian Transport Commission.
|b Economic and Social Analysis Branch.
|
| 245 |
1 |
0 |
|a Prairie grain handling and transportation background data :
|b Branch lines, Southern Alberta (including part of West Central Saskatchewan), Study Area 13 /
|c Canadian Transport Commission, Economic and Social Analysis Branch.
|
| 264 |
|
1 |
|a [Ottowa] :
|b The Commission,
|c 1976.
|
| 300 |
|
|
|a 51 unnumbered leaves :
|b maps ;
|c 28 cm.
|
| 336 |
|
|
|a text
|b txt
|2 rdacontent
|
| 337 |
|
|
|a unmediated
|b n
|2 rdamedia
|
| 338 |
|
|
|a volume
|b nc
|2 rdacarrier
|
| 490 |
1 |
|
|a Research report ;
|v no. 00-76-16
|
| 500 |
|
|
|a Chiefly tables and maps.
|
| 500 |
|
|
|a "... prepared by the Regional Impact Analysis Group, Economic and Social Analysis Branch."--Preface.
|
| 500 |
|
|
|a Includes data for grain deliveries in the crop year of 1973-1974.
|
| 650 |
|
0 |
|a Railroads
|z Canada.
|
| 710 |
1 |
|
|a Canada.
|b Transport Commission.
|b Regional Impact Analysis Group.
|
| 740 |
0 |
|
|a Branch lines, Southern Alberta (including part of West Central Saskatchewan), Study Area 13.
|
| 830 |
|
0 |
|a Research reports (Canadian Transport Commission. Research Branch) ;
|v no. 00-76-16.
|
| 999 |
|
|
|a MARS
|
| 999 |
f |
f |
|s aa834e47-0440-3d49-987a-2c8ebf6a9d0b
|i 0a9636e2-aecf-3f26-93f6-95dad95239a3
|t 0
|
| 952 |
f |
f |
|p ric
|a Texas A&M University
|b Rellis Campus
|c Joint Library Facility
|d Remote Storage
|t 0
|e HE151 .C3 no.00-76-16
|h Library of Congress classification
|i unmediated -- volume
|m A14814328239
|
| 998 |
f |
f |
|a HE151 .C3 no.00-76-16
|t 0
|l Remote Storage
|